[Event "Najdorf Memorial"]
[Site "Warsaw POL"]
[Date "2024.07.11"]
[Round "3.32"]
[White "Wadelek, Karol"]
[Black "Wiech, Grzegorz"]
[Result "0-1"]
[WhiteElo "1974"]
[BlackElo "2106"]

1. e4 c5 2. Nf3 d6 3. d4 cxd4 4. Nxd4 Nf6 5. Nc3 a6 6. Bg5 e6 7. f4 Qb6 8.
Nb3 Nbd7 9. Qd2 Qc7 10. Be2 b5 11. a3 Bb7 12. Bf3 Be7 13. O-O-O h6 14. Bxf6
Nxf6 15. Kb1 Rc8 16. Nd4 Nd7 17. Ndxb5 axb5 18. Nxb5 Qc5 19. Nxd6+ Bxd6 20.
Qxd6 Qxc2+ 21. Ka1 Nc5 22. f5 Ra8 23. Rb1 Nb3+ 24. Ka2 Qc4 25. Rbd1 Rc8 26.
Kb1 Bxe4+ 27. Bxe4 Qxe4+ 28. Ka2 Qc4 29. Kb1 Qc7 30. Qb4 Rb8 31. Qa4+ Ke7
32. Qh4+ g5 33. fxg6+ f6 34. g7 Rhc8 35. g8=N+ Rxg8 36. Qxh6 Qe5 37. Qh7+
Kf8 38. Rd7 Qf5+ 0-1

[Event "Najdorf Memorial"]
[Site "Warsaw POL"]
[Date "2024.07.11"]
[Round "3.33"]
[White "Chachere, Theodore"]
[Black "Kaczmarek, Arkadiusz"]
[Result "1/2-1/2"]
[WhiteElo "1947"]
[BlackElo "2103"]

1. d4 d5 2. c4 e6 3. Nc3 Nf6 4. Bg5 dxc4 5. e3 Nbd7 6. Bxc4 Be7 7. Nf3 a6
8. O-O b5 9. Bd3 Bb7 10. Qe2 c5 11. dxc5 Nxc5 12. Bc2 O-O 13. Rfd1 Qa5 14.
a3 Qc7 15. Rac1 Rfd8 16. b4 Rxd1+ 17. Qxd1 Ncd7 18. Nxb5 Qb6 19. Nbd4 a5
20. Ba4 Nf8 1/2-1/2

[Event "Najdorf Memorial"]
[Site "Warsaw POL"]
[Date "2024.07.11"]
[Round "3.34"]
[White "Dalkowski, Rafal"]
[Black "Sanz Losada, Victoriano"]
[Result "0-1"]
[WhiteElo "2101"]
[BlackElo "2002"]

1. d4 Nf6 2. c4 g6 3. Nc3 Bg7 4. e4 d6 5. f3 O-O 6. Nge2 Nc6 7. Be3 a6 8.
Qd2 Rb8 9. Nc1 e5 10. d5 Ne7 11. Nb3 b6 12. O-O-O Nh5 13. g3 f5 14. Bg2 Bd7
15. Kb1 Qc8 16. Rhf1 f4 17. Bf2 fxg3 18. hxg3 Bh3 19. Be1 b5 20. Rh1 Bxg2
21. Qxg2 b4 22. Ne2 a5 23. Nec1 a4 24. Nd2 c5 25. Nd3 Rf7 26. Bf2 Bh6 27.
Nf1 Qf8 28. Ne1 Nc8 29. Be3 Bxe3 30. Nxe3 Qh6 31. Ng4 Qg5 32. Qh3 Nb6 33.
Rc1 a3 34. b3 Na4 35. Qg2 Nc3+ 36. Rxc3 bxc3 37. Kc2 Rbf8 38. Kxc3 Rxf3+
39. Nxf3 Qxg4 40. Nd2 Nxg3 41. Kc2 h5 42. Rg1 h4 43. Nf1 Rxf1 44. Rxf1 Nxf1
45. Qxf1 Kg7 46. Kd3 0-1

[Event "Najdorf Memorial"]
[Site "Warsaw POL"]
[Date "2024.07.11"]
[Round "3.35"]
[White "Rozycki, Bartlomiej"]
[Black "Jurasz, Antoni"]
[Result "1-0"]
[WhiteElo "2099"]
[BlackElo "1992"]

1. e4 c6 2. d4 d5 3. exd5 cxd5 4. Bd3 Nf6 5. c3 Nc6 6. Bf4 Qb6 7. Qc2 Bg4
8. Nd2 e6 9. Ngf3 Be7 10. O-O Rc8 11. Rae1 O-O 12. Qb1 Bh5 13. Ne5 Rfe8 14.
Bg5 Bg6 15. Nxg6 hxg6 16. f4 Nh7 17. Bxe7 Rxe7 18. Nf3 f5 19. Re3 Nf6 20.
Nh4 Kf7 21. Rg3 Nh5 22. Rxg6 Nxd4 23. Kh1 Nc6 24. Bxf5 Nf6 25. Bd3 Rh8 26.
Nf3 Qe3 27. Rg3 Ke8 28. Nh4 Qd2 29. Ng6 Rh6 30. Nxe7 Nxe7 31. Qc2 Qxc2 32.
Bxc2 Kf7 33. Kg1 Rh8 34. h3 Rc8 35. Re3 d4 36. Rd3 Nf5 37. Bb3 dxc3 38. Re1
Nd5 39. Bxd5 exd5 40. Rxc3 Rc6 41. g4 Nd4 42. Rxc6 bxc6 43. Kf2 Ne6 44. Rc1
Nd8 45. Ke3 Ke6 46. Kd4 Kd6 47. f5 Nf7 48. b4 Ng5 49. h4 Nf3+ 50. Ke3 Ne5
51. g5 Ng4+ 52. Kd4 Ne5 53. Rf1 1-0

[Event "Najdorf Memorial"]
[Site "Warsaw POL"]
[Date "2024.07.11"]
[Round "3.36"]
[White "Bartodziej, Bartosz"]
[Black "Tsiapko, Andrii"]
[Result "1-0"]
[WhiteElo "2005"]
[BlackElo "2167"]

1. e4 c5 2. Nf3 Nc6 3. d4 cxd4 4. Nxd4 e5 5. Nb5 d6 6. c4 Be7 7. N1c3 a6 8.
Na3 f5 9. Nc2 f4 10. g3 Nf6 11. gxf4 exf4 12. Bxf4 O-O 13. Be2 Be6 14. Qd2
Ng4 15. Bxg4 Bxg4 16. Rg1 Bh5 17. Nd4 Nxd4 18. Qxd4 Bf6 19. Qxd6 Qe8 20.
Qd5+ Kh8 21. e5 Bf3 22. Qd4 Bxe5 23. Bxe5 Rf5 24. Kd2 Rxe5 25. Rae1 Rd8 26.
Nd5 Re2+ 27. Rxe2 Qxe2+ 28. Kc3 Rg8 29. Nf6 Qe7 30. Nxg8 Kxg8 31. Qf4 Bc6
32. Rd1 h6 33. b3 a5 34. Qb8+ Kh7 35. Qd6 Qh4 36. Qd3+ Be4 37. Qd4 Qh3+ 38.
Kb2 Bg6 39. Qf4 Qe6 40. Qe3 Qf5 41. Rd5 Qb1+ 42. Ka3 a4 43. Qc3 Bf5 44. Re5
Bg4 45. Qd4 Bf3 46. Re3 Qc1+ 47. Kxa4 Bc6+ 48. Kb4 Qg1 49. Re7 Qg5 50. Qe3
Qg6 51. Qe5 Qg4 52. h3 Qg6 53. Ka3 Bf3 54. Kb2 Bc6 55. Qf4 Qd3 56. Rf7 Be4
57. Qe3 Qb1+ 58. Ka3 Bc6 59. Qf4 Be4 60. f3 Bg6 61. Rxb7 Qe1 62. Qd4 Qc1+
63. Qb2 1-0

[Event "Najdorf Memorial"]
[Site "Warsaw POL"]
[Date "2024.07.11"]
[Round "3.37"]
[White "Klim, Filip"]
[Black "Alvarado, Carlos"]
[Result "1-0"]
[WhiteElo "2000"]
[BlackElo "2108"]

1. e4 c6 2. d4 d5 3. Nc3 dxe4 4. Nxe4 Nf6 5. Nxf6+ exf6 6. c3 Bd6 7. Bd3
Na6 8. Ne2 Nc7 9. O-O O-O 10. Qc2 g6 11. c4 Re8 12. Be3 Ne6 13. Rad1 Qc7
14. h3 f5 15. c5 Bh2+ 16. Kh1 f4 17. Kxh2 fxe3+ 18. f4 b6 19. Rf3 Ng7 20.
Be4 Bf5 21. Ng3 Rxe4 22. Nxe4 Ne6 23. g3 Rd8 24. cxb6 Qxb6 25. Rxe3 Rxd4
26. Rxd4 Nxd4 27. Qc3 Bxe4 28. Rxe4 Ne6 29. Kg2 c5 30. Re5 Qb7+ 31. Kh2 Qa6
32. a3 Qf1 33. Qe1 Qd3 34. Qe2 Qb3 35. Re3 Qd5 36. Rd3 Qf5 37. Rd7 h5 38.
h4 a5 39. a4 Qb1 40. Ra7 Qa2 41. Ra8+ Kh7 42. Qe5 Ng7 43. Qb8 g5 44. f5 1-0

[Event "Najdorf Memorial"]
[Site "Warsaw POL"]
[Date "2024.07.11"]
[Round "3.38"]
[White "Krasiewicz, Robert"]
[Black "Sidorczuk, Pawel"]
[Result "0-1"]
[WhiteElo "2004"]
[BlackElo "2096"]

1. c4 c6 2. Nf3 d5 3. b3 Nf6 4. Bb2 g6 5. cxd5 cxd5 6. Bxf6 exf6 7. g3 Bg7
8. d4 O-O 9. Bg2 f5 10. Nc3 Nc6 11. O-O b6 12. Nxd5 Bb7 13. Rc1 Qxd5 14.
Ne5 Qxg2+ 15. Kxg2 Nxe5+ 16. Kg1 Rad8 17. Rc7 Ba8 18. Rxa7 Rxd4 19. Qc1 Re4
20. e3 Nf3+ 21. Kg2 Ng5 22. f3 Re5 23. Qa3 Bc6 24. h4 Nxf3 25. Rc1 Nd4+ 26.
Rxc6 Nxc6 27. Ra8 Na5 28. Ra6 Rxe3 29. Qb4 Nc6 30. Qxb6 Nd4 31. Qb7 Be5 32.
Qd5 Rxg3+ 33. Kf2 Rf3+ 34. Kg2 Re3 35. h5 Ne6 36. Kf2 Re4 37. hxg6 hxg6 38.
a4 Bd4+ 39. Kf1 Nf4 40. Qb7 Rfe8 41. Qb4 Nd3 42. Qc4 Re1+ 43. Kg2 Rg1+ 44.
Kh3 Nf4+ 45. Kh4 Bf2# 0-1

[Event "Najdorf Memorial"]
[Site "Warsaw POL"]
[Date "2024.07.11"]
[Round "3.39"]
[White "Skurniak, Szymon"]
[Black "Borowy, Cezary"]
[Result "1/2-1/2"]
[WhiteElo "2095"]
[BlackElo "1993"]

1. e4 c5 2. b3 Nf6 3. e5 Nd5 4. Bb2 Nc6 5. Nf3 d6 6. Bb5 Nc7 7. Bxc6+ bxc6
8. h3 d5 9. d3 Bf5 10. Nh4 Bg6 11. O-O e6 12. Nxg6 hxg6 13. c4 Qg5 14. f4
Qh5 15. Qd2 Be7 16. Qf2 Qf5 17. Nc3 g5 18. fxg5 Qxf2+ 19. Rxf2 Bxg5 20. Rf3
O-O 21. Ba3 Na6 22. Na4 Nb4 23. Bxb4 cxb4 24. Rd1 Be7 25. Rc1 1/2-1/2

[Event "Najdorf Memorial"]
[Site "Warsaw POL"]
[Date "2024.07.11"]
[Round "3.40"]
[White "Polak, Michal"]
[Black "Gacek, Waldemar"]
[Result "0-1"]
[WhiteElo "1997"]
[BlackElo "2081"]

1. e4 c6 2. d4 d5 3. Nc3 dxe4 4. Nxe4 Nf6 5. Nxf6+ exf6 6. c3 Bd6 7. Bd3
O-O 8. Qc2 Re8+ 9. Ne2 h5 10. O-O h4 11. h3 Nd7 12. Bd2 Nf8 13. Rae1 g6 14.
a4 Qc7 15. b4 Be6 16. c4 Rad8 17. b5 Qc8 18. f4 f5 19. Rb1 Be7 20. Rfc1 Nh7
21. d5 cxd5 22. c5 d4 23. c6 Rd5 24. Bb4 Qc7 25. Bc4 d3 26. Bxd3 Bxb4 27.
Rxb4 Red8 28. Rb3 Nf6 29. Rc3 R5d6 30. Qb1 Bd5 31. Kh1 Ne4 32. Bxe4 Bxe4
33. Qb4 Rd2 34. Re3 Rd1+ 35. Rxd1 Rxd1+ 36. Kh2 bxc6 37. Rc3 Qb7 38. Qb3
Rb1 39. Qa3 cxb5 40. Qd6 Bxg2 41. Nc1 Rb2 42. Qd8+ Kg7 43. Qd4+ Kh7 44. Rd3
bxa4 45. Rd2 a3 46. Rxb2 Qxb2 47. Qc4 Bf3+ 48. Ne2 Qxe2+ 0-1

[Event "Najdorf Memorial"]
[Site "Warsaw POL"]
[Date "2024.07.11"]
[Round "3.41"]
[White "Harazinska, Magdalena"]
[Black "Jasiulewicz, Dawid"]
[Result "0-1"]
[WhiteElo "1969"]
[BlackElo "2073"]

1. d4 d5 2. c4 dxc4 3. e3 e5 4. Nf3 exd4 5. Qxd4 Qxd4 6. Nxd4 Nf6 7. Bxc4
Be7 8. O-O O-O 9. b3 Nbd7 10. Bb2 Nb6 11. Be2 a5 12. a3 a4 13. b4 Ne4 14.
f3 Nd6 15. Nd2 Bf6 16. Rab1 Re8 17. e4 Bd7 18. Nc2 Bxb2 19. Rxb2 Bb5 20.
Nd4 Bxe2 21. Nxe2 Nb5 22. Rc2 Red8 23. Nb1 c6 24. Rcc1 Nd6 25. Rfd1 Nbc4
26. Kf2 b5 27. Rd4 Kf8 28. Rcd1 Ke7 29. f4 f6 30. Nec3 Rd7 31. g3 Re8 32.
Kf3 Kd8 33. h4 Kc7 34. R1d3 Rf7 35. Rd1 g5 36. Rg1 Rg8 37. Rdd1 Rfg7 38.
Ne2 g4+ 39. Kg2 Ne3+ 40. Kh2 Nxd1 41. Rxd1 Nxe4 42. Nbc3 Nxc3 43. Nxc3 Rd8
44. Rxd8 Kxd8 45. Ne4 f5 46. Nd6 Rd7 47. Nxf5 Rd2+ 48. Kg1 Rd3 0-1

[Event "Najdorf Memorial"]
[Site "Warsaw POL"]
[Date "2024.07.11"]
[Round "3.42"]
[White "Sypien, Natan"]
[Black "Maack, Kjartan"]
[Result "0-1"]
[WhiteElo "1985"]
[BlackElo "2066"]

1. e4 e6 2. d4 d5 3. e5 c5 4. c3 Qb6 5. Nf3 Bd7 6. Be2 Bb5 7. Bxb5+ Qxb5 8.
Na3 Qd7 9. Nc2 Nc6 10. O-O cxd4 11. Ncxd4 Nge7 12. Qe2 Nxd4 13. Nxd4 Nc6
14. f4 g6 15. Be3 Be7 16. Nb3 b6 17. a4 Qc7 18. Qb5 a6 19. Qxb6 Qxb6 20.
Bxb6 Rb8 21. a5 Nxa5 22. Nxa5 Rxb6 23. b4 O-O 24. Nb3 Rc6 25. Rfc1 Rfc8 26.
Nc5 Bxc5+ 27. bxc5 Rxc5 28. Rxa6 Rxc3 29. Rxc3 Rxc3 30. Kf2 Kg7 31. Ra7 g5
32. g3 Kg6 33. fxg5 Rc2+ 34. Kg1 Re2 35. h4 Rxe5 36. Kf2 Rf5+ 37. Ke3 Kh5
38. Ra4 Rf1 39. Ke2 Rc1 40. Rf4 Kg6 41. Rf6+ Kg7 42. h5 Rc7 43. Ke3 Rd7 44.
Kd4 Ra7 45. Ke5 Ra5 46. h6+ Kg8 47. Rf1 d4+ 48. Kd6 Kf8 49. g6 Rd5+ 50. Kc6
hxg6 51. h7 Rh5 52. Rd1 e5 0-1

[Event "Najdorf Memorial"]
[Site "Warsaw POL"]
[Date "2024.07.11"]
[Round "3.43"]
[White "Wieckowski, Michal"]
[Black "Przybylski, Bartosz"]
[Result "0-1"]
[WhiteElo "1964"]
[BlackElo "2060"]

1. d4 Nf6 2. Nf3 g6 3. c4 Bg7 4. Nc3 O-O 5. g3 d6 6. Bg2 c5 7. dxc5 dxc5 8.
Qxd8 Rxd8 9. O-O Nc6 10. Be3 Be6 11. Bxc5 Bxc4 12. Rac1 Nd7 13. Ba3 Nb6 14.
b3 Bxc3 15. bxc4 Bf6 16. Rc2 Rd7 17. h4 Rad8 18. Kh2 Rd1 19. Rxd1 Rxd1 20.
e3 Rd3 21. Bc5 Na4 22. Bd4 e5 23. Bf1 Rd1 24. Be2 Rb1 25. Nd2 Re1 26. Nf3
Rxe2 27. Rxe2 exd4 28. exd4 Nxd4 29. Nxd4 Bxd4 30. Rd2 Bf6 31. Rd7 Nc5 32.
Rc7 Bd4 33. Kg2 a5 34. g4 b6 35. f4 h5 36. g5 Kg7 37. Kf3 Ne6 38. Rc6 Bc5
39. Ke4 Nd4 40. Rc7 Nf5 0-1

[Event "Najdorf Memorial"]
[Site "Warsaw POL"]
[Date "2024.07.11"]
[Round "3.44"]
[White "Lasota, Adam"]
[Black "Swara, Lakshmi S Nair"]
[Result "1-0"]
[WhiteElo "1968"]
[BlackElo "2049"]

1. d4 Nf6 2. Bf4 g6 3. e3 Bg7 4. Be2 d6 5. h3 Nbd7 6. Nf3 O-O 7. O-O c5 8.
c3 cxd4 9. exd4 Re8 10. Bh2 Qb6 11. Qb3 Qxb3 12. axb3 e5 13. dxe5 dxe5 14.
Na3 e4 15. Nd4 Nd5 16. Nab5 a6 17. Nd6 Re7 18. Nxc8 Rxc8 19. Rfd1 N5b6 20.
Nc2 Be5 21. Bxe5 Nxe5 22. Rd6 Nbd7 23. Ne3 Rc6 24. Rd4 Nc5 25. b4 Ncd3 26.
Rxe4 f5 27. Rd4 Nxb2 28. Ra2 Rxc3 29. Rxb2 Nc6 30. Rd1 Ra3 31. Nd5 Re5 32.
Nb6 Re4 33. Rd7 Ra1+ 34. Kh2 Kh8 35. Bf3 Ree1 36. Bxc6 f4 37. g3 fxg3+ 38.
Kxg3 bxc6 39. Rc7 Ra3+ 40. Kg2 Rc3 41. Rd2 Re8 42. Rdd7 1-0

[Event "Najdorf Memorial"]
[Site "Warsaw POL"]
[Date "2024.07.11"]
[Round "3.45"]
[White "Pancewicz, Szymon"]
[Black "Charvi, A"]
[Result "1/2-1/2"]
[WhiteElo "2041"]
[BlackElo "1960"]

1. e4 e6 2. d3 d5 3. Nd2 c5 4. g3 Nc6 5. Bg2 Be7 6. f4 Nf6 7. Ngf3 O-O 8.
O-O b5 9. a4 b4 10. b3 dxe4 11. Nxe4 Nd5 12. Re1 Qb6 13. Kh1 f5 14. Neg5
Bf6 15. Ne5 Nxe5 16. fxe5 Bxg5 17. Bxg5 Bb7 18. Qd2 h6 19. Be3 Nxe3 20.
Qxe3 Bxg2+ 21. Kxg2 Rad8 22. Rf1 Qc7 23. Rae1 Rd5 24. Rf4 Rfd8 1/2-1/2

[Event "Najdorf Memorial"]
[Site "Warsaw POL"]
[Date "2024.07.11"]
[Round "3.46"]
[White "Ashwath, Kaushik"]
[Black "Zaninotto, Franco"]
[Result "1-0"]
[WhiteElo "2029"]
[BlackElo "1961"]

1. e4 e6 2. d4 d5 3. Bd3 c5 4. exd5 exd5 5. Nf3 c4 6. Be2 Nf6 7. b3 cxb3 8.
axb3 Bd6 9. O-O O-O 10. Bb2 Nc6 11. Nbd2 Re8 12. Re1 Bf5 13. c3 a6 14. Nf1
Qc7 15. Ne3 Be4 16. g3 h6 17. Nd2 Bg6 18. Bf3 Ne7 19. Rc1 Qd7 20. c4 Bb4
21. Bc3 Bxc3 22. Rxc3 Rac8 23. Ng4 Nxg4 24. Bxg4 Bf5 25. Bf3 Be6 26. Rce3
Red8 27. Qa1 dxc4 28. Nxc4 Qxd4 29. Bxb7 Rb8 30. Qxa6 Nf5 31. Rxe6 fxe6 32.
Qxe6+ Kh8 33. Ne5 Rxb7 34. Qxf5 Rb5 35. Nf7+ Kg8 36. Nxh6+ gxh6 37. Qxb5
1-0

[Event "Najdorf Memorial"]
[Site "Warsaw POL"]
[Date "2024.07.11"]
[Round "3.47"]
[White "Bednarska-bzdega, Malgorzata"]
[Black "Wojtaszewski, Piotr"]
[Result "0-1"]
[WhiteElo "1956"]
[BlackElo "2028"]

1. e4 e6 2. d4 d5 3. Nc3 Bb4 4. e5 c5 5. Bd2 Ne7 6. Nb5 Bxd2+ 7. Qxd2 O-O
8. c3 f6 9. f4 fxe5 10. dxe5 Nf5 11. Nf3 a6 12. Na3 Nd7 13. Bd3 Qb6 14.
O-O-O c4 15. Bb1 Nc5 16. g4 Ne7 17. Rdf1 Bd7 18. Ne1 Nc6 19. Qc2 g6 20. Qe2
Na5 21. Nac2 Nd3+ 22. Nxd3 cxd3 23. Qxd3 Bb5 24. Qh3 Bxf1 25. Rxf1 Nc6 26.
Ne3 d4 27. Nc4 Qc5 28. Nd6 dxc3 29. bxc3 Qa3+ 30. Kd2 Rad8 31. Bd3 Qxa2+
32. Ke3 Qd5 33. Rd1 Qc5+ 34. Ke4 Qxc3 35. g5 Qd4+ 0-1

[Event "Najdorf Memorial"]
[Site "Warsaw POL"]
[Date "2024.07.11"]
[Round "3.48"]
[White "Dobosiewicz, Dawid"]
[Black "Hury, Tymoteusz"]
[Result "0-1"]
[WhiteElo "2028"]
[BlackElo "1954"]

1. e4 e5 2. Nf3 Nc6 3. Nc3 Nf6 4. d4 exd4 5. Nd5 Nb4 6. Bc4 Nbxd5 7. exd5
Bb4+ 8. Kf1 c6 9. Bg5 cxd5 10. Bd3 O-O 11. Nxd4 Qb6 12. Be3 Re8 13. c3 Bf8
14. Qc2 Qd8 15. Bg5 h6 16. Bh4 g5 17. Bg3 Ne4 18. Re1 Nxg3+ 19. hxg3 Rxe1+
20. Kxe1 d6 21. Kd1 Bg7 22. Qa4 Bd7 23. Qb4 a5 24. Qxb7 Rb8 25. Qxd5 Rxb2
26. Bc2 Qc8 27. Qxd6 Qxc3 28. Qxd7 Bxd4 29. Qe8+ Kg7 30. Qe4 Rb6 31. Qh7+
Kf8 32. Rxh6 Bf6 33. Qd3 Qc5 34. Ke2 Rd6 35. Qf5 Rd5 36. Qh7 Qc4+ 37. Bd3
Re5+ 38. Kd1 Qc3 39. Rh1 Qa1+ 40. Bb1 Rd5+ 41. Ke2 Qb2+ 42. Qc2 Qb5+ 43.
Kf3 Qb7 44. Re1 Rb5+ 45. Kg4 Qd7+ 46. Kf3 g4+ 47. Ke2 Rb2 48. Qxb2 Bxb2 49.
Rd1 Qb5+ 50. Bd3 Qd5 51. Bb1 Qxg2 52. Rd3 Qe4+ 0-1

[Event "Najdorf Memorial"]
[Site "Warsaw POL"]
[Date "2024.07.11"]
[Round "3.49"]
[White "Kulpa, Zuzanna"]
[Black "Celinski, Kamil"]
[Result "1-0"]
[WhiteElo "1954"]
[BlackElo "2022"]

1. d4 Nf6 2. c4 e6 3. Nf3 d5 4. g3 Bb4+ 5. Bd2 a5 6. Bg2 O-O 7. O-O dxc4 8.
Bxb4 axb4 9. Ne5 Nc6 10. Nxc6 bxc6 11. Bxc6 Rb8 12. e3 Ba6 13. Re1 Nd5 14.
a3 Rb6 15. Qa4 Qd6 16. Bxd5 Qxd5 17. axb4 Bb7 18. e4 Qxd4 19. Nc3 Qd6 20.
b5 Qc5 21. Qa3 Qe5 22. Rad1 Rd6 23. f4 Qh5 24. Rxd6 cxd6 25. Qxd6 Rc8 26.
Rd1 h6 27. Qb6 Bxe4 28. Rd8+ Rxd8 29. Qxd8+ Kh7 30. Nxe4 Qe2 31. Qd4 h5 32.
Ng5+ Kh6 33. Nxf7+ Kg6 34. Ng5 Qe1+ 35. Kg2 Qe2+ 36. Qf2 Qd3 37. Nf3 Qd5
38. b6 Kf5 39. Qd4 Qb7 40. Qe5+ Kg6 41. Qxe6+ Kh7 42. Kf2 g6 43. Ng5+ Kh6
44. f5 Kxg5 45. Qxg6# 1-0

[Event "Najdorf Memorial"]
[Site "Warsaw POL"]
[Date "2024.07.11"]
[Round "3.50"]
[White "Matskevich, Varvara"]
[Black "Dmochowska, Agnieszka"]
[Result "1/2-1/2"]
[WhiteElo "1946"]
[BlackElo "2013"]

1. f4 d5 2. Nf3 g6 3. g3 Bg7 4. Bg2 c6 5. d3 Nh6 6. e3 Qb6 7. Nc3 Nd7 8.
Qe2 O-O 9. d4 Nf5 10. O-O Nd6 11. Ne5 a5 12. b3 Qc7 13. a4 b6 14. Rd1 Nf6
15. Ba3 Ba6 16. Qf2 Rad8 17. g4 Nfe4 18. Nxe4 dxe4 19. g5 f6 20. gxf6 exf6
21. Nc4 Bxc4 22. bxc4 f5 23. c5 bxc5 24. Bxc5 Rb8 25. Qd2 Rfd8 26. Rab1 Bf8
27. Bf1 Nf7 28. Qc3 Bd6 29. Bc4 Bxc5 30. Bxf7+ Kxf7 31. Qxc5 Rd5 32. Qc4
Rb6 33. Rb5 Qb7 34. Rxa5 Rb4 35. Qa6 Rxa5 36. Qxa5 Rb1 37. Qd2 Rb4 38. a5
Ra4 39. c4 Qb3 40. Rc1 Rxc4 41. a6 Ra4 42. Rxc6 Ra1+ 43. Rc1 Rxa6 44. d5
Qd3 45. Rc7+ Kg8 46. Rc8+ Kg7 47. Rc7+ Kg8 48. Rc8+ Kg7 1/2-1/2

[Event "Najdorf Memorial"]
[Site "Warsaw POL"]
[Date "2024.07.11"]
[Round "3.51"]
[White "Lisowski, Krzysztof"]
[Black "Van Der Veen, Ronald"]
[Result "1-0"]
[WhiteElo "2096"]
[BlackElo "2003"]

1. e4 c6 2. d4 d5 3. e5 Bf5 4. Nd2 h6 5. Nb3 e6 6. Nf3 a5 7. a4 Na6 8. c3
Ne7 9. Be2 g5 10. O-O Ng6 11. Bd2 Be7 12. Ne1 Nh4 13. g3 Bh3 14. gxh4 gxh4
15. f4 Rg8+ 16. Kh1 Bxf1 17. Bxf1 Kd7 18. Bh3 c5 19. dxc5 Nxc5 20. Be3 Ne4
21. Qxd5+ 1-0

[Event "Najdorf Memorial"]
[Site "Warsaw POL"]
[Date "2024.07.11"]
[Round "3.52"]
[White "Slomczewski, Michal"]
[Black "Choroszej, Aleksander"]
[Result "0-1"]
[WhiteElo "2081"]
[BlackElo "1997"]

1. e4 g6 2. d4 Bg7 3. Nc3 d6 4. Be3 a6 5. Qd2 b5 6. h4 h6 7. O-O-O Bb7 8.
f3 Nd7 9. Qf2 Rc8 10. h5 g5 11. Nge2 c5 12. Ng3 e6 13. Be2 Qa5 14. f4 b4
15. Nb1 gxf4 16. Qxf4 cxd4 17. Rhf1 Bf6 18. Bd2 Ne5 0-1

[Event "Najdorf Memorial"]
[Site "Warsaw POL"]
[Date "2024.07.11"]
[Round "3.53"]
[White "Lecki, Leonard"]
[Black "Bar, Klaudia"]
[Result "1-0"]
[WhiteElo "2026"]
[BlackElo "1982"]

1. e4 c5 2. Nf3 Nc6 3. d4 cxd4 4. Nxd4 e5 5. Nb5 d6 6. c4 Be6 7. N1c3 a6 8.
Na3 g6 9. Be3 Bg7 10. Nc2 Nge7 11. Qd2 O-O 12. Be2 f5 13. f3 fxe4 14. fxe4
Qc7 15. O-O-O Na5 16. b3 Rfd8 17. Kb2 Rab8 18. h4 b5 19. cxb5 axb5 20. Nxb5
Rxb5 21. Bxb5 d5 22. Bg5 Rb8 23. Na3 Nc8 24. Rc1 Qa7 25. Rhf1 Nd6 26. exd5
e4+ 27. Bf6 e3 28. Qb4 Nxb5 29. Nxb5 Bxf6+ 30. Rxf6 Qg7 31. Qd4 Bd7 32. Nc3
Nc4+ 33. Ka1 Nd2 34. Rf4 Qe7 35. d6 Qe8 36. Nd5 1-0

[Event "Najdorf Memorial"]
[Site "Warsaw POL"]
[Date "2024.07.11"]
[Round "3.54"]
[White "Delega, Tomasz"]
[Black "Siennicki, Gustaw"]
[Result "1/2-1/2"]
[WhiteElo "1973"]
[BlackElo "2012"]

1. e4 c6 2. d4 d5 3. Nc3 dxe4 4. Nxe4 Nf6 5. Nxf6+ exf6 6. Nf3 Na6 7. Bxa6
Qa5+ 8. c3 Qxa6 9. Qe2+ Qxe2+ 10. Kxe2 Bd6 11. Re1 Be6 12. Kf1 Kd7 13. b3
a5 14. Bd2 a4 15. c4 axb3 16. axb3 Bc7 17. Bc3 h5 18. h3 Rhe8 19. Red1 Bf5
20. Ne1 b5 21. Bb4 Reb8 22. Bc5 bxc4 23. bxc4 Rxa1 24. Rxa1 Be6 25. Rc1 Bf4
26. Rc2 Bf5 27. Ra2 Rb1 28. Ke2 Be6 29. Rc2 h4 30. Nd3 Bc7 31. Bf8 g5 32.
Nc5+ Ke8 33. Nxe6 fxe6 34. Bc5 Ra1 35. Kf3 f5 36. Ke2 g4 37. d5 exd5 38.
cxd5 cxd5 39. Bd4 Ra4 40. Rxc7 Rxd4 41. hxg4 Re4+ 42. Kf1 fxg4 43. Rh7 g3
44. f3 Ra4 45. Ke2 Kf8 46. Rh5 d4 47. Kd3 Ra3+ 48. Kxd4 Rxf3 49. Rxh4 Ra3
50. Rh3 Kg7 51. Ke4 Kf6 52. Kf4 Kg6 53. Rxg3+ Rxg3 54. Kxg3 Kg5 55. Kf3 Kf5
56. Ke2 Kg4 57. Kf1 Kg3 58. Kg1 Kg4 59. Kf2 Kf4 60. g3+ Kg4 61. Kg2 Kg5 62.
Kf3 Kf5 63. g4+ Kg5 64. Kg3 Kg6 65. Kh4 Kh6 66. g5+ Kg6 67. Kg4 Kg7 68. Kf4
Kg6 69. Kg4 Kg7 70. Kf5 Kf7 71. g6+ Kg7 72. Kg5 Kg8 73. Kf5 Kg7 74. Kg5 Kg8
75. Kh6 Kh8 76. g7+ Kg8 77. Kg6 1/2-1/2

[Event "Najdorf Memorial"]
[Site "Warsaw POL"]
[Date "2024.07.12"]
[Round "4.1"]
[White "Rozentalis, Eduardas"]
[Black "Krasenkow, Michal"]
[Result "1/2-1/2"]
[WhiteElo "2480"]
[BlackElo "2520"]

1. e4 c5 2. Nf3 e6 3. c3 d5 4. exd5 Qxd5 5. d4 Nf6 6. Be3 cxd4 7. cxd4 Bb4+
8. Nc3 Bd7 9. Bd3 Bb5 10. O-O Bxc3 11. bxc3 O-O 12. Bxb5 Qxb5 13. Rb1 Qa6
14. Qb3 b6 15. Ne5 Rc8 16. c4 Nc6 17. Rfd1 Qb7 18. a4 Nxe5 19. dxe5 Ng4 20.
c5 Nxe3 1/2-1/2

[Event "Najdorf Memorial"]
[Site "Warsaw POL"]
[Date "2024.07.12"]
[Round "4.2"]
[White "Markowski, Tomasz"]
[Black "Mis, Mieszko"]
[Result "1/2-1/2"]
[WhiteElo "2503"]
[BlackElo "2351"]

1. d4 Nf6 2. c4 e6 3. Nf3 d5 4. e3 Be7 5. Bd3 dxc4 6. Bxc4 c5 7. O-O O-O 8.
b3 a6 9. Bb2 Nc6 10. dxc5 Bxc5 11. Qxd8 Rxd8 12. Nbd2 Bd7 13. Rfc1 Be7 14.
Be2 Be8 15. a3 Rac8 16. Kf1 Nd5 17. g3 Bf6 18. Bxf6 Nxf6 19. b4 Kf8 20. Nb3
Ke7 21. Nc5 Rc7 22. Ke1 Nb8 23. Ne5 Rdc8 24. Rd1 Nfd7 25. Nexd7 Bxd7 26.
Bf3 Bc6 27. Bxc6 1/2-1/2

[Event "Najdorf Memorial"]
[Site "Warsaw POL"]
[Date "2024.07.12"]
[Round "4.3"]
[White "Fiszer, Bartosz"]
[Black "Sengupta, Deep"]
[Result "0-1"]
[WhiteElo "2335"]
[BlackElo "2491"]

1. e4 e5 2. Nf3 Nc6 3. Bb5 a6 4. Ba4 Nge7 5. c3 Ng6 6. O-O d5 7. d4 dxe4 8.
Nxe5 Nxe5 9. dxe5 Qxd1 10. Rxd1 Bd7 11. Bc2 Nxe5 12. Bf4 Bd6 13. Bxe4 O-O-O
14. Nd2 Rhe8 15. Bg3 f5 16. Bc2 g6 17. Bh4 Be7 18. Bxe7 Rxe7 19. Re1 Bb5
20. Nb3 Rde8 21. Rec1 Nc4 22. h4 Nxb2 23. Nd4 Ba4 24. Rab1 Bxc2 25. Rxb2
Be4 26. f3 Bd5 27. Kf2 Bc4 28. Kg3 c5 29. Nb3 Re2 30. Rcb1 b6 31. Kf4 Kc7
32. Kg5 a5 33. Kh6 a4 34. Nc1 R2e6 35. Rd2 a3 36. Nb3 R8e7 37. Rbd1 Re3 38.
Rc2 Kc6 39. Rd8 Re2 40. Rcd2 Bxb3 41. axb3 Rxd2 42. Rxd2 Ra7 43. Rd1 c4 44.
bxc4 Kc5 45. g4 fxg4 46. fxg4 Kxc4 47. g5 a2 0-1

[Event "Najdorf Memorial"]
[Site "Warsaw POL"]
[Date "2024.07.12"]
[Round "4.4"]
[White "Nesterenko, Kyrylo"]
[Black "Kokoszczynski, Jan"]
[Result "1/2-1/2"]
[WhiteElo "2103"]
[BlackElo "2314"]

1. d4 Nf6 2. c4 e6 3. g3 d5 4. Bg2 Bb4+ 5. Bd2 Be7 6. Nf3 O-O 7. Qc2 c6 8.
O-O a5 9. Bf4 Nbd7 10. Nbd2 Nh5 11. Be3 f5 12. Ne1 Bd6 13. Nd3 g5 14. f4 g4
15. a3 a4 16. Nc5 Nxc5 17. dxc5 d4 18. Bf2 Bxc5 19. b4 axb3 20. Nxb3 Qe7
21. Nxc5 Qxc5 22. Rfd1 Rd8 23. e3 Rxa3 24. exd4 Rxa1 25. Rxa1 Qd6 26. Qb2
Nf6 27. Ra8 Kf7 28. Be1 c5 29. Ba5 Re8 30. Bc3 Bd7 31. Ra7 Kg6 32. Rxb7
cxd4 33. Bxd4 Ne4 34. Bxe4 fxe4 35. Qb6 Qxb6 36. Bxb6 Re7 37. c5 Rf7 38.
Kf2 e5 39. Ke3 exf4+ 40. gxf4 Bc6 41. Rxf7 Kxf7 42. f5 h5 43. Kf4 e3 44.
Kxe3 h4 45. Bd8 g3 46. h3 Bd7 47. Kf3 Bxf5 48. Kg2 Be4+ 49. Kg1 Bf5 50.
Bxh4 Bxh3 51. Bxg3 Bd7 52. c6 Bxc6 53. Bd6 Bg2 54. Be7 Kxe7 1/2-1/2

[Event "Najdorf Memorial"]
[Site "Warsaw POL"]
[Date "2024.07.12"]
[Round "4.5"]
[White "Zalega, Maciej"]
[Black "Cukrowski, Filip"]
[Result "0-1"]
[WhiteElo "2093"]
[BlackElo "2403"]

1. e4 c5 2. Nf3 e6 3. d4 cxd4 4. Nxd4 Nc6 5. Nc3 a6 6. f4 d6 7. Nxc6 bxc6
8. Bd3 Nf6 9. O-O Be7 10. Qe2 O-O 11. Kh1 e5 12. fxe5 dxe5 13. Bg5 Bg4 14.
Qe3 Be6 15. Bxf6 Bxf6 16. Qg3 g6 17. Na4 Bg7 18. Nc5 Bc8 19. Qf2 f5 20. Nb3
fxe4 21. Bc4+ Kh8 22. Qe2 Bf5 23. g4 Bd7 24. Rxf8+ Bxf8 25. Rd1 Qe7 26.
Qxe4 Bh6 27. Rf1 Re8 28. Rf7 Qd6 29. Bd3 c5 30. Na5 Qe6 31. Bc4 Qxg4 32.
Qb7 Qd1+ 33. Rf1 Qd2 34. Rf7 Bf4 35. Qg2 Qe1+ 36. Qg1 Qe4+ 37. Qg2 Qe1+ 38.
Qg1 Qe4+ 39. Qg2 Bf5 40. Bd3 Qe1+ 41. Qg1 Be4+ 42. Bxe4 Qxe4+ 0-1

[Event "Najdorf Memorial"]
[Site "Warsaw POL"]
[Date "2024.07.12"]
[Round "4.6"]
[White "Dzida, Kamil"]
[Black "Rzewucki, Jan"]
[Result "1-0"]
[WhiteElo "2385"]
[BlackElo "1960"]

1. e4 c5 2. Nf3 Nc6 3. Bb5 e6 4. Bxc6 bxc6 5. d3 Ne7 6. Nbd2 Ng6 7. h4 h5
8. e5 f6 9. Nc4 Ba6 10. Qe2 Bxc4 11. dxc4 Qc7 12. exf6 gxf6 13. Bd2 Bd6 14.
O-O-O Ne5 15. Bc3 Ng4 16. g3 O-O-O 17. Qd2 Bf8 18. Ba5 Bh6 19. Ng5 Qb8 20.
Bxd8 Rxd8 21. f3 Ne5 22. f4 Nxc4 23. Qc3 fxg5 24. hxg5 Nxb2 25. Qxb2 Qxb2+
26. Kxb2 Bg7+ 27. c3 Rh8 28. Rh2 Kd8 29. Rdh1 Ke7 30. Rxh5 Rxh5 31. Rxh5
Kf7 32. g6+ Kxg6 33. Rxc5 1-0